000 00921cam a2200253 a 4500
005 20260322212013.0
008 data
010 _a 98230932
020 _a1568381395
020 _a9781568381398
040 _aDLC
_cDLC
_dDLC
050 0 0 _aRC565
_b.G675 1989
082 0 0 _a362.292/8
_221
092 _a616.86 G675 1989
100 1 _aGorski, Terence T.
245 1 0 _aPassages through recovery :
_ban action plan for preventing relapse /
_cTerence T. Gorski.
260 _aCenter City, Minn. :
_bHazelden,
_cc1989
_g(1997 printing)
300 _ax, 161 p. ;
_c22 cm.
504 _aIncludes bibliographical references (p. 155-156) and index.
650 0 _aAlcoholism
_xPrevention.
_xPrevention.
856 4 2 _3Publisher description
_uhttp://www.loc.gov/catdir/enhancements/fy0727/98230932-d.html
856 4 2 _3Contributor biographical information
_uhttp://www.loc.gov/catdir/enhancements/fy0735/98230932-b.html
001 data
999 _c280
_d280